[Event "SRB-chT2 Vojvodina"]
[Site "Palic"]
[Date "2024.11.02"]
[Round "7.2"]
[White "Ljepic, Andrej"]
[Black "Kumic, Filip"]
[Result "1/2-1/2"]
[WhiteElo "2356"]
[BlackElo "2251"]
[PlyCount "79"]
[EventDate "2024.10.29"]
[EventType "team-tourn"]
[EventRounds "11"]
[EventCountry "SRB"]
[SourceTitle "CB45_2024"]
[Source "ChessBase"]
[SourceDate "2024.11.06"]
[SourceVersion "1"]
[SourceVersionDate "2024.11.06"]
[SourceQuality "1"]
[WhiteTeam "Jazak Car Uros"]
[BlackTeam "Petrovaradin Kraljica"]
[WhiteTeamCountry "SRB"]
[BlackTeamCountry "SRB"]

1. e4 c5 2. Nf3 d6 3. d4 Nf6 4. Nc3 cxd4 5. Qxd4 Nc6 6. Qe3 g6 7. h3 Bg7 8. Be2 0-0 9. 0-0 Nd7 10. Rb1 Nde5 11. Rd1 Nxf3+ 12. Bxf3 f5 13. exf5 Bxf5 14. Bd5+ Kh8 15. Be4 Qd7 16. Ne2 Qe6 17. Bxf5 Qxf5 18. Rd2 d5 19. Ng3 Qf7 20. b3 Be5 21. Bb2 Bxb2 22. Rxb2 d4 23. Qe4 e5 24. Rb1 Rae8 25. Rf1 Nb4 26. f4 Qe7 27. fxe5 Rxf1+ 28. Nxf1 Nc6 29. Re2 Qc5 30. e6 d3+ 31. Rf2 dxc2 32. Qxc2 Qxc2 33. Rxc2 Rxe6 34. Rd2 Kg7 35. Kf2 Re7 36. Ne3 Rf7+ 37. Ke2 Re7 38. Kf2 Rf7+ 39. Kg3 Re7 40. Kf2 1/2-1/2